| 000 | 00471 a2200157 4500 | ||
|---|---|---|---|
| 001 | 78831 | ||
| 020 | _a9781563475771 | ||
| 082 | _a629.132 YEC | ||
| 090 |
_c39463 _d39463 |
||
| 100 | _aThomas R. Yechout | ||
| 245 |
_aIntroduction to Aircraft Flight Mechanics:Performance,static Stability, Dynamic Stability, and Classical Feedback Control _hEnglish |
||
| 250 | _a1 | ||
| 260 |
_aVirginia _bAIAA Educ Series _c2003 |
||
| 300 | _axv, 634 p. | ||
| 505 | _aNUST Books | ||
| 942 |
_aNUST-CAE _k629.132 YEC |
||
| 999 |
_c313904 _d313904 |
||